Statistics for Cheshire Trivia

Click here to take the quiz!

General Stats

  • This quiz has been taken 70 times
  • The average score is 11 of 16

Answer Stats

QuestionAnswer% Correct
Fictional animal from Wonderland that's famous for it's grinCheshire Cat
91%
County TownChester
91%
Famous Dairy ProductCheshire Cheese
86%
Town famous for it's railway connectionsCrewe
81%
Greater Manchester
75%
Bordering English CountiesMerseyside
75%
Staffordshire
74%
Shropshire
72%
Derbyshire
67%
Luxury car brand built in the above townBentley
63%
Largest TownWarrington
63%
And the author that created the aboveLewis Carroll
61%
Agricultural product depicted alonside a sword on the county flagWheat
51%
Bordering Welsh CountiesFlintshire
49%
Wrexham County
44%
TV programme filmed in that cityHollyoaks
42%

Score Distribution

Percentile by Number Answered

Percent of People with Each Score

Your Score History

You have not taken this quiz